000 00393nam a2200133Ia 4500
008 220204s9999 xx 000 0 und d
082 _a581.5.4(035)
_bSTR;1
245 0 _aStress physiology: Methodology manual
260 _aBangalore
_bUniversity of Agricultural Sciences
_c1994
650 _aPorometry
650 _aSprinkler irrigation
650 _aWater relations measurement
942 _cBK
999 _c40509
_d40509